00487nam a2200181 a 4500001001300000003000900013005001700022008004100039020001000080082001800090100001900108245005300127260003300180300000900213500003500222650002900257700001900286nice12345678IN_TiNIC20260116011552.0050524s1942 bada grp 000 0 eng  ac10000a912.1955bINA aInayatullah, S aGeographical Factors in Arabian Life and History aBadaun bNo Publisher c1942 a158p aincludes index and biblioraphy aArab Countries-Geography1 aInayatullah, S